Forza Horizon Characters - Statistics

General Stats
  • This quiz has been taken 72 times
  • The average score is 5 of 12
Answer Stats
Hint Answer % Correct
Gold Wristband Rival Darius Flynt
78%
Green Wristband Rival + Street Race Organiser Ali Howard
53%
Mechanic Dak
53%
Yellow Wristband Rival Ramona Cravache
44%
Horizon Bass Arena DJ Scott Tyler
42%
Orange Wristband Rival Zaki Malik
38%
Purple Wristband Rival Hailey Harper
35%
Race Organiser Alice Hart
25%
Horizon Rocks DJ Phoenix Fox
25%
Blue Wristband Rival Duke Maguire
24%
Horizon Pulse DJ Holly Cruz
20%
Pink Wristband Rival Marko Bavan
16%
No matching quizzes found
Score Distribution
Percent of People with Each Score
Percentile by Number Answered
Your Score History
You have not taken this quiz